000 00171nam a22000977a 4500
041 _aeng
080 _a80
100 _aDaum, Edmund
245 _aWorterbuch
999 _c282090
_d282090
942 _cBK